Click sur le Prénom du Joueur de Foot (Pays-Bas) - Statistiques

Statistiques générales
  • Ce quiz a été pris 209 fois
  • Le résultat moyen est 22 sur 30
Statistiques - réponses
Hint Réponse % Correct
Depay Memphis
94%
Robben Arjen
93%
Cruyff Johan
93%
Van Dijk Virgil
91%
Bergkamp Dennis
88%
De Jong Frenkie
88%
Van Persie Robbie
88%
Seedorf Clarence
87%
Simons Xavi
87%
De Ligt Matthijs
86%
Gullit Ruud
86%
Koeman Ronald
85%
Sneijder Wesley
83%
Gakpo Cody
82%
Aké Nathan
82%
Kluivert Patrick
82%
Wijnaldum Georginio
80%
Davids Edgar
79%
Van Basten Marco
77%
Van der Sar Edwin
75%
Rijkaard Frank
70%
Kuyt Dirk
69%
Stam Jaap
60%
Van der Vaart Rafael
51%
Overmars Marc
49%
Cocu Phillip
47%
Van Bommel Mark
43%
Van Bronckhorst Giovanni
39%
Rep Johnny
36%
Reiziger Michael
32%
Aucun quiz correspondant
Distribution des résultats
% des personnes avec chaque résultat
Percentile par nombre de réponses
Votre historique - résultats
Vous n’avez pas pris ce quiz